Triết học Dùng cho nghiên cứu sinh và học viên cao học không thuộc chuyên ngành triết học. T.1 :
Đối tượng nghiên cứu môn lịch sử triết học. Lịch sử triết học Ấn Độ cổ đại. Sự hình thành và phát triển của triết học Trung Quốc cổ đại. Triết học Hy Lạp cổ đại. Tư tưởng triết học Tây Âu thời kỳ trung cổ...
שמור ב:
| פורמט: | ספר |
|---|---|
| שפה: | Vietnamese |
| יצא לאור: |
Hà Nội :
Chính trị quốc gia,
1999.
|
| נושאים: | |
| תגים: |
הוספת תג
אין תגיות, היה/י הראשונ/ה לתייג את הרשומה!
|
| Thư viện lưu trữ: | Mạng thư viện Đại học Đà Nẵng |
|---|
| LEADER | 01116cam a2200313 i 4500 | ||
|---|---|---|---|
| 001 | 000047015 | ||
| 003 | 6535 | ||
| 005 | 20030924150854.0 | ||
| 008 | 010306b1999 vm 000 vie | ||
| 020 | |c 19500 | ||
| 040 | |a IRC |c IRC |d IRC | ||
| 041 | 0 | |a vie | |
| 082 | 1 | 4 | |a 101 |b Tr-H |
| 245 | 0 | 0 | |a Triết học |n T.1 : |b Dùng cho nghiên cứu sinh và học viên cao học không thuộc chuyên ngành triết học. |
| 260 | |a Hà Nội : |b Chính trị quốc gia, |c 1999. | ||
| 300 | |a 343tr. ; |c 19cm. | ||
| 520 | 3 | |a Đối tượng nghiên cứu môn lịch sử triết học. Lịch sử triết học Ấn Độ cổ đại. Sự hình thành và phát triển của triết học Trung Quốc cổ đại. Triết học Hy Lạp cổ đại. Tư tưởng triết học Tây Âu thời kỳ trung cổ... | |
| 630 | 0 | 4 | |a Triết học. |
| 650 | 0 | 4 | |a Triết học. |
| OWN | |a DUT | ||
| 999 | |a From the UDN01 | ||
| TYP | |a Monograph | ||
| TYP | |a Printed language | ||
| 980 | |a Mạng thư viện Đại học Đà Nẵng | ||